000 00424nam a22001457a 4500
020 _qHard Cover.
082 _a658.4
100 _aKhan, Junaid Ali
245 _aStrategic Brand Management:
_bThe FFNS Schooling System
_cJunaid Ali Khan.
260 _aIslamabad:
_bNBS-NUST,
_c2017.
300 _bill. ;
_c30cm.
650 _aMBA-Thesis.
_917629
942 _2ddc
_cTHE
999 _c532918
_d532918